[Event "Aarhus-A"]
[Site "Aarhus"]
[Date "1988.??.??"]
[Round "3"]
[White "Knudsen, Per"]
[Black "Rewitz, Poul"]
[Result "0-1"]
[WhiteElo "2335"]
[BlackElo "2245"]

1.Nf3 d5 2.g3 Nc6 3.d4 Bg4 4.Bg2 Qd7 5.c4 dxc4 6.d5 Bxf3 7.Bxf3 Ne5 8.Bg2 e6
9.f4 Ng4 10.h3 N4f6 11.dxe6 Qxd1+ 12.Kxd1 O-O-O+ 13.Kc2 fxe6 14.Nd2 Nh5 15.Ne4 Ngf6
16.Nxf6 Nxf6 17.Be3 Bb4 18.Rad1 Nd5 19.Bd4 Be7 20.a3 b5 21.Bf3 c5 22.Bf2 a5
23.e4 Nc7 24.Be2 a4 25.h4 Rxd1 26.Rxd1 Rd8 27.Re1 Kb7 28.h5 h6 29.g4 Kb6
30.Be3 Bf6 31.g5 Bd4 32.Bc1 Rf8 33.Rf1 Kc6 34.gxh6 gxh6 35.f5 exf5 36.Bxh6 Rh8
37.Bg5 fxe4 38.Rf7 Ne6 39.Bd2 Rf8 40.Rxf8 Nxf8 41.Bg4 Kd6 42.Bc8 e3 43.Be1 Be5
44.Bc3 Bxc3 45.bxc3 b4 46.Bg4 b3+ 47.Kd1 Ke5 48.Be2 Ke4 49.h6 Nh7 50.Bxc4 b2
51.Ba2 Kf3 52.Ke1 e2 53.Bb1 Ng5 54.h7 Ke3 55.Be4 Nf3+ 56.Bxf3 b1=Q+  0-1

[Event "Wch Girls U20"]
[Site "Adelaide"]
[Date "1988.??.??"]
[Round "?"]
[White "Galliamova, Alisa"]
[Black "Peicheva Hansen, Evgenia"]
[Result "1-0"]
[WhiteElo "2250"]
[BlackElo "2060"]

1.Nf3 d5 2.g3 Bg4 3.Bg2 c6 4.b3 Nd7 5.Bb2 e6 6.O-O Ngf6 7.c4 Bc5 8.d4 Bd6
9.Ne5 Bf5 10.Nd2 h5 11.h3 Qe7 12.a3 Nf8 13.b4 Ne4 14.Rc1 f6 15.Nd3 Nxd2 16.Qxd2 Rd8
17.Nc5 h4 18.g4 Bh7 19.e4 dxc4 20.Rxc4 e5 21.Qe3 Ng6 22.Nd3 Bc7 23.Rfc1 Bg8
24.d5 Bb6 25.Qe2 cxd5 26.exd5 Bxd5 27.Bxd5 Rxd5 28.Qe4 Qf7 29.Rc8+ Rd8 30.Rxd8+ Kxd8
31.a4 a6 32.Qf5 Ne7 33.Qe4 Nc6 34.b5 axb5 35.axb5 Nd4 36.Bxd4 Bxd4 37.Nc5 Bxc5
38.Rxc5 Ke8 39.Qd3  1-0

[Event "Akureyri"]
[Site "Akureyri"]
[Date "1988.??.??"]
[Round "?"]
[White "Polugaevsky, Lev"]
[Black "Thorsteins, Karl"]
[Result "1-0"]
[WhiteElo "2575"]
[BlackElo "2440"]

1.Nf3 d5 2.g3 g6 3.Bg2 Bg7 4.O-O Nf6 5.d3 O-O 6.Nbd2 Nc6 7.e4 e5 8.c3 a5
9.a4 h6 10.exd5 Nxd5 11.Nc4 Bf5 12.Re1 Re8 13.h3 Nb6 14.Nxb6 cxb6 15.Be3 Bxd3
16.Qb3 Ra6 17.Red1 Qf6 18.Rxd3 e4 19.Rd4 exf3 20.Rf4 Qe7 21.Bf1 Ne5 22.Bxa6 bxa6
23.Bd4 g5 24.Rf5 Qd7 25.g4 Ng6 26.Bxg7 Kxg7 27.Rd1 Qc7 28.Qd5 Nh4 29.Qd4+ Kh7
30.Rd5 Re7 31.Rd7 Rxd7 32.Qxd7 Qc4 33.Qd3+ Qxd3 34.Rxd3  1-0

[Event "Almada"]
[Site "Almada"]
[Date "1988.??.??"]
[Round "2"]
[White "Hodgson, Julian M"]
[Black "Antunes, Antonio"]
[Result "1/2-1/2"]
[WhiteElo "2525"]
[BlackElo "2390"]

1.Nf3 d5 2.g3 Nf6 3.Bg2 Bg4 4.c4 c6 5.cxd5 cxd5 6.Ne5 Bh5 7.Qa4+ Nbd7 8.Nc3 e6
9.g4 Bg6 10.h4 h6 11.Nxg6 fxg6 12.Qc2 Kf7 13.h5 g5 14.d4 Bd6 15.e4 dxe4 16.Nxe4 Bb4+
17.Nc3 Rf8 18.f4 gxf4 19.Bxf4 Kg8 20.Qe2 Qa5 21.O-O Rae8 22.Ne4 Qb6 23.Rad1 Nd5
24.Bg3 Rxf1+ 25.Bxf1 N7f6 26.g5 hxg5 27.Nxg5 Bd6 28.Bxd6 Qxd6 29.Qe5 Qxe5
30.dxe5 Nxh5 31.Nxe6 Ne3 32.Rd8 Rxd8 33.Nxd8 Nxf1 34.Kxf1 Nf4 35.Nxb7 Nd3
36.Ke2 Nxb2 37.Nd6 Kf8 38.Ke3 Ke7 39.Kd4 Ke6 40.Nb5 a5 41.Ke4 Na4 42.Nd4+ Kd7
43.a3 Nb6 44.Nb3  1/2-1/2

[Event "Almada"]
[Site "Almada"]
[Date "1988.??.??"]
[Round "6"]
[White "Nikolac, Juraj"]
[Black "Hodgson, Julian M"]
[Result "0-1"]
[WhiteElo "2495"]
[BlackElo "2525"]

1.Nf3 d5 2.g3 c6 3.Bg2 Bg4 4.O-O Nd7 5.d3 Ngf6 6.Nbd2 e5 7.e4 Bd6 8.h3 Bh5
9.Re1 O-O 10.b3 Re8 11.Bb2 a5 12.a3 b5 13.g4 Bg6 14.Nh4 d4 15.Nf5 Bf8 16.f4 c5
17.Nf3 exf4 18.Bc1 Bxf5 19.gxf5 Qc7 20.Rf1 Ra6 21.a4 bxa4 22.Rxa4 Nb6 23.Ra2 a4
24.Nh2 Bd6 25.Ng4 Nfd7 26.Kh1 Ra7 27.bxa4 Rxa4 28.Rxa4 Nxa4 29.c4 Nc3 30.Qe1 h5
31.Nh2 Ne5 32.Qh4 Ne2 33.Bxf4 Nxd3 34.Bxd6 Qxd6 35.Rf3 Rxe4 36.Qxe4 Ng3+
37.Rxg3 Nf2+ 38.Kg1 Nxe4 39.Ra3 Qf4  0-1

[Event "OHRA-B"]
[Site "Amsterdam"]
[Date "1988.??.??"]
[Round "?"]
[White "Ninov, Kiril"]
[Black "Brenninkmeijer, Joris"]
[Result "1-0"]
[WhiteElo "2515"]
[BlackElo "2390"]

1.g3 d5 2.Nf3 c6 3.Bg2 Nf6 4.c4 dxc4 5.O-O g6 6.Na3 Qd5 7.Qc2 Be6 8.Ne1 Qh5
9.e4 Bg7 10.Nxc4 O-O 11.Nd3 Bxc4 12.Qxc4 Nbd7 13.Qb4 Qe2 14.Qb3 Nb6 15.Nf4 Qc4
16.Qxc4 Nxc4 17.d4 e5 18.dxe5 Nxe5 19.Bd2 Nfd7 20.Rad1 Rfd8 21.Ba5 b6 22.Bb4 a5
23.Be7 Re8 24.Bd6 Bf8 25.Ne2 Rad8 26.h3 Bxd6 27.Rxd6 Nc5 28.Rfd1 Rxd6 29.Rxd6 Nb7
30.Rd4 c5 31.Rd5 Kf8 32.b3 f6 33.f4 Nf7 34.Nc3 Nbd6 35.Kh2 Nc8 36.h4 Ne7
37.Rd7 Rb8 38.Bf1 Nc6 39.Bc4 Ne7 40.Nd5 Nxd5 41.Bxd5 Nd8 42.Rxh7 Rc8 43.a4  1-0

[Event "Augsburg"]
[Site "Augsburg"]
[Date "1988.??.??"]
[Round "?"]
[White "Lechtynsky, Jiri"]
[Black "Roeder, Frank"]
[Result "1/2-1/2"]
[WhiteElo "2455"]
[BlackElo "2365"]

1.Nf3 d5 2.g3 c6 3.Bg2 Bf5 4.b3 Nd7 5.Bb2 Ngf6 6.d3 e6 7.O-O Bd6 8.e4 Bg4
9.Qe1 dxe4 10.dxe4 Bxf3 11.Bxf3 Be5 12.Nc3 O-O 13.Bg2 b5 14.Kh1 Bd4 15.Nd1 Bxb2
16.Nxb2 Qc7 17.a4 a6 18.Qc3 Qe5 19.Qxe5 Nxe5 20.f4 Ned7 21.e5 Nd5 22.Nd3 Rfc8
23.Rfe1 b4 24.a5 Rab8 25.Kg1 Kf8 26.Bf1 Nc3 27.Re3 Nd5 28.Re4 c5 29.Nf2 Rc6
30.Bc4 Rd8 31.Re2 Nc3 32.Rd2 Ke7 33.Nd1 Nb5 34.Kg2 Nb8 35.Rxd8 Kxd8 36.c3 Nxc3
37.Nxc3 bxc3 38.Rc1 Rc7 39.Rxc3 Nc6 40.Bxa6 Nxa5 41.Kf2 Ra7 42.Bd3 Rb7 43.Rxc5 Nxb3
44.Rc3 Nd4 45.Bxh7 g6 46.Rd3 Rd7 47.h4 Ke7 48.g4 Kf8 49.f5 exf5 50.gxf5 Kg7
51.e6 Rd5 52.fxg6 fxg6 53.e7 Rf5+ 54.Kg2 Re5 55.Rxd4 Kxh7 56.Rd7 Kg8 57.Kf3 Kf7
58.e8=Q+ Kxe8 59.Rg7 Rh5 60.Kg4 Rh6 61.Ra7 Rh5 62.Rg7 Rh6 63.Kg5 Rh5+ 64.Kg4  1/2-1/2

[Event "FRG-ch qual"]
[Site "Bad Neustadt"]
[Date "1988.??.??"]
[Round "5"]
[White "Reinhardt, Bernd"]
[Black "Degen, Vladimir"]
[Result "1-0"]
[WhiteElo "2280"]
[BlackElo "2255"]

1.Nf3 d5 2.g3 Nf6 3.Bg2 Bf5 4.O-O e6 5.d3 Be7 6.Nbd2 h6 7.Qe1 c6 8.e4 Bh7
9.Qe2 a5 10.a4 O-O 11.Ne5 Nbd7 12.Nxd7 Nxd7 13.f4 f5 14.Kh1 Bd6 15.exd5 e5
16.dxc6 bxc6 17.Bxc6 Rc8 18.Bd5+ Kh8 19.Nc4 Nb6 20.Nxd6 Qxd6 21.Bg2 e4 22.dxe4 fxe4
23.b3 Rfe8 24.Bb2 Qc5 25.c4 Qb4 26.Rab1 Rcd8 27.Qg4 Qe7 28.f5 Nd7 29.Rbe1  1-0

[Event "Barcelona Vulca"]
[Site "Barcelona"]
[Date "1988.??.??"]
[Round "5"]
[White "Bofill, Alejandro"]
[Black "Gual Pascual, Antonio"]
[Result "0-1"]
[WhiteElo "2410"]
[BlackElo "2385"]

1.Nf3 d5 2.g3 Nf6 3.Bg2 g6 4.c4 Bg7 5.O-O O-O 6.cxd5 Nxd5 7.Nc3 Nc6 8.Nxd5 Qxd5
9.d3 Qb5 10.Qc2 a5 11.Bf4 h6 12.a4 Qb6 13.Be3 Qxb2 14.Qxb2 Bxb2 15.Rab1 Bg7
16.Rfc1 Rd8 17.Nd2 Nd4 18.Bxd4 Rxd4 19.Rxc7 Rxa4 20.Bxb7 Bxb7 21.Rbxb7 Ra2
22.Ne4 Rb2 23.Rxb2 Bxb2 24.Rc2 Bg7 25.Nd2 Rb8 26.Nc4 a4 27.Kg2 Rb4 28.Kf3 h5
29.h4 e6 30.Ra2 Bf8 31.Ke3 Bc5+ 32.Kf3 Kg7 33.Nb2 a3 34.Nc4 Kf6 35.e3 Rb3
36.Ke2 Kf5 37.Nd2 Rb2 38.Rxb2 axb2 39.Nb1 Kg4 40.Kf1 Kh3 41.Kg1 e5  0-1

[Event "GMA-Open"]
[Site "Belgrade"]
[Date "1988.??.??"]
[Round "?"]
[White "Nikolic, Nebojsa"]
[Black "Barbero, Gerardo F"]
[Result "1/2-1/2"]
[WhiteElo "2365"]
[BlackElo "2505"]

1.Nf3 d5 2.g3 c6 3.Bg2 Bg4 4.O-O Nd7 5.d3 e5 6.Nbd2 Bd6 7.e4 Ne7 8.Re1 O-O
9.c3 f5 10.h3 fxe4 11.dxe4 Bh5 12.g4 Bg6 13.exd5 Nxd5 14.Nc4 Bc5 15.Ncxe5 Nxe5
16.Rxe5 Qb6 17.Nd4 Nf4 18.Bf1 Kh8 19.b4 Bd6 20.Re1 Rad8 21.a3 Bb8 22.Bxf4 Rxf4
23.Bg2 Qc7 24.Ne6 Rxd1 25.Raxd1 Qc8 26.Rd8+ Qxd8 27.Nxd8 Rc4 28.Re3 Bf4 29.Rf3 h5
30.Bf1 hxg4 31.hxg4 Re4 32.Bd3 Re1+ 33.Kg2 Bxd3 34.Rxf4 Rc1 35.Nxb7 Rxc3
36.Nc5 Rxa3 37.Rd4 Bb1 38.f4 Ba2 39.Rd3 Bd5+ 40.Kg3 Ra1 41.f5 g5 42.Rd4 Kg7
43.Ne4 Ra4 44.Nxg5 a5 45.Ne6+ Bxe6 46.fxe6 Rxb4  1/2-1/2

[Event "GMA-Open"]
[Site "Belgrade"]
[Date "1988.??.??"]
[Round "?"]
[White "Ivkov, Borislav"]
[Black "Brkljaca, Ante"]
[Result "1-0"]
[WhiteElo "2470"]
[BlackElo "2355"]

1.Nf3 d5 2.g3 c6 3.Bg2 Nf6 4.d3 h6 5.Nbd2 Bf5 6.O-O e6 7.b3 Be7 8.Bb2 O-O
9.Qe1 a5 10.e4 Bh7 11.a3 Qb6 12.Qe2 Nbd7 13.Kh1 Qa6 14.Ng1 Rad8 15.e5 Ne8
16.f4 a4 17.g4 axb3 18.Nxb3 Nc7 19.f5 exf5 20.gxf5 f6 21.e6 Nb6 22.Qg4 Kh8
23.a4 Rg8 24.Nf3 Nc8 25.Nh4 c5 26.Ng6+ Bxg6 27.Qxg6 Qc6 28.Na5 Qa6 29.Bc3 Bf8
30.Rab1 b5 31.axb5 Nxb5 32.Bd2 Ne7 33.Qh5 Nd6 34.Nb3 Qc8 35.Qh3 Nb5 36.Rf4 c4
37.Nd4 c3 38.Be3 Nxd4 39.Rxd4 Qc7 40.Rdb4 Qe5 41.Bd4 Qxf5 42.Bxc3 Rc8 43.Qxf5 Nxf5
44.R4b3 Ne3 45.Bf3 Bd6 46.Bd2 Nxc2 47.Bxd5 Nd4 48.Rb6 Rgd8 49.Bc4 Bc5 50.Ra6 Re8
51.Rb7 Nf5 52.Bb5 Rb8 53.Rxb8 Rxb8 54.Bc4 Rb1+ 55.Kg2 Nh4+ 56.Kh3 Nf3 57.Bf4 Rg1
58.Bd5 Ng5+ 59.Kh4 Rd1 60.Bc4 Kh7 61.Rc6 Bb4 62.Rb6 Bc5 63.Rb5 Ba3 64.Kg3 Rg1+
65.Kf2 Nh3+ 66.Kf3 g5 67.Bg3 Kg6 68.d4 Rc1 69.Bd3+ Kh5 70.Kg2 Ng1 71.Rb3  1-0

[Event "GMA-Open"]
[Site "Belgrade"]
[Date "1988.??.??"]
[Round "?"]
[White "Kapetanovic, Armin"]
[Black "Miljanic, Boro"]
[Result "1/2-1/2"]
[WhiteElo "2395"]
[BlackElo "2340"]

1.Nf3 d5 2.g3 c5 3.Bg2 Nc6 4.d4 e6 5.O-O Nf6 6.c4 Be7 7.cxd5 exd5 8.Nc3 O-O
9.b3 Ne4 10.Bb2 Bf6 11.Na4 Re8 12.Rc1 b6 13.dxc5 Bxb2 14.Nxb2 bxc5 15.Nd2 Qf6
16.Nxe4 dxe4 17.Rxc5 Bg4 18.h3 Rad8 19.Rd5 Rxd5 20.Qxd5 Bxe2 21.Rc1 Nd4 22.Bxe4 Rd8
23.Qa5 Re8 24.Qd5 Nf3+ 25.Kg2 Qxb2 26.Qc6 Rf8 27.Bxf3 Bxf3+ 28.Kxf3 Qxa2
29.Qd5 a5 30.Qc4 g6 31.Rd1 Rb8 32.Kg2 Qb2 33.Rd7 Qf6 34.Ra7 Qe6 35.Rxa5 Qb6
36.Rc5 Kg7 37.Qd4+ Qf6 38.Qxf6+ Kxf6 39.Rc3 Ke5 40.Re3+ Kf5 41.Kf3 h5 42.Rc3 Rb6
43.Ke3 Ke5 44.Kd3 Kd5 45.Kc2 Rf6 46.Rd3+ Ke4 47.Rd2 h4 48.gxh4 Rf3 49.b4 Rxh3
50.b5 Rxh4 51.Kc3 Rh8 52.Kb4 g5 53.Rb2 Kf3 54.Kc5 f5 55.Kd6 f4 56.Ke5 Rf8  1/2-1/2

[Event "GMA-Open"]
[Site "Belgrade"]
[Date "1988.??.??"]
[Round "?"]
[White "Drasko, Milan"]
[Black "Sveshnikov, Evgeny"]
[Result "1/2-1/2"]
[WhiteElo "2510"]
[BlackElo "2450"]

1.Nf3 d5 2.g3 Nf6 3.Bg2 c6 4.O-O Bf5 5.c4 e6 6.cxd5 exd5 7.d3 Be7 8.Be3 O-O
9.Qb3 Bc8 10.Nc3 Na6 11.Rac1 Nc5 12.Qc2 Ne6 13.d4 Ng4 14.Bd2 f5 15.e3 Bd6
16.Na4 Qe8 17.Nc5 Qh5 18.Nxe6 Bxe6 19.Qb3 Rf7 20.Bb4 Bc7 21.Qa3 g5 22.Bd6 Bd8
23.Rfe1 Bf6 24.b4 Rd7 25.Be5 a6  1/2-1/2

[Event "GMA-Open"]
[Site "Belgrade"]
[Date "1988.??.??"]
[Round "?"]
[White "Dizdar, Goran"]
[Black "Miladinovic, Igor"]
[Result "1-0"]
[WhiteElo "2500"]
[BlackElo "2380"]

1.Nf3 d5 2.g3 Nf6 3.Bg2 Bf5 4.c4 c6 5.cxd5 cxd5 6.Qb3 Qd7 7.O-O Nc6 8.d3 e6
9.Nc3 Be7 10.Bf4 O-O 11.e4 Bg4 12.Ne5 Nxe5 13.Bxe5 Rfd8 14.exd5 Nxd5 15.Nxd5 exd5
16.Rac1 Bd6 17.Bxd6 Qxd6 18.Qxb7 Be6 19.Qc6 Rab8 20.Qxd6 Rxd6 21.Rc2 d4 22.Rfc1 g6
23.b3 a5 24.Rc5 a4 25.bxa4 Bf5 26.Rd5 Rc6 27.Rd8+ Rxd8 28.Bxc6 Bxd3 29.Rd1 Bf5
30.a5 Rc8 31.Bd5 Rc5 32.Rxd4 Rxa5 33.a4 Rc5 34.Bc4 Kf8 35.h4 Ke7 36.Rf4 f6
37.Bb5 Bc2 38.Rd4 h5 39.Kg2 Bb3 40.Re4+ Kd6 41.Kf1 Rc1+ 42.Re1 Rc8 43.Ra1 Ra8
44.Ke2 Kc5 45.Rc1+ Kd6 46.Ke3 Ra5 47.Ra1 Kc5 48.Be8 g5 49.hxg5 fxg5 50.Bxh5 Kb4
51.Bd1 Re5+ 52.Kd2 Rd5+ 53.Ke2 Re5+ 54.Kd2 Rd5+ 55.Ke1 Re5+ 56.Kf1 Bc4+ 57.Kg2 Re1
58.Rb1+ Kc3 59.Bc2 Bd5+ 60.Kh3 Re2 61.Bf5 Rxf2 62.Kg4 Bb3 63.a5 Bc4 64.Kxg5 Kd4
65.Ra1 Ba6 66.g4 Kc5 67.Kf6 Kb4 68.Ke5 Re2+ 69.Kf4 Rf2+ 70.Kg3 Rd2 71.g5 Rd6
72.g6 Bc4 73.Kf4 Ra6 74.Ke5 Kb5 75.g7 Ra7 76.Kf6 Ra6+ 77.Ke7  1-0

[Event "GMA-Open"]
[Site "Belgrade"]
[Date "1988.??.??"]
[Round "?"]
[White "Dizdar, Goran"]
[Black "Drasko, Milan"]
[Result "1/2-1/2"]
[WhiteElo "2500"]
[BlackElo "2510"]

1.Nf3 d5 2.g3 Nf6 3.Bg2 e6 4.O-O Be7 5.c4 O-O 6.b3 c6 7.Bb2 a5 8.Nc3 Nbd7
9.d4 b6 10.Nd2 Ba6 11.e4 Rc8 12.Re1 e5 13.dxe5 Nxe5 14.Nxd5 cxd5 15.Bxe5 dxc4
16.Nxc4 Bxc4 17.bxc4 Rxc4 18.Qe2 Qc8 19.Bxf6 Bxf6 20.e5 Rc2 21.Qe4  1/2-1/2

[Event "GMA-Open"]
[Site "Belgrade"]
[Date "1988.??.??"]
[Round "?"]
[White "Strikovic, Aleksa"]
[Black "Janosevic, Dragoljub"]
[Result "1-0"]
[WhiteElo "2460"]
[BlackElo "2330"]

1.Nf3 d5 2.g3 Nf6 3.Bg2 e6 4.O-O Be7 5.d3 O-O 6.Nbd2 b6 7.e4 dxe4 8.dxe4 Bb7
9.Qe2 Nc6 10.e5 Nd7 11.Rd1 Qc8 12.h4 Rd8 13.Nf1 Nf8 14.Bg5 Rxd1 15.Rxd1 Qe8
16.c3 Rd8 17.N3d2 Ng6 18.Bxe7 Ngxe7 19.Ne3 Nf5 20.Nxf5 exf5 21.f4 Na5 22.Bxb7 Nxb7
23.Nb3 a5 24.Rxd8 Nxd8 25.Nd4 g6 26.Qb5 Qxb5 27.Nxb5 Ne6 28.Kf2 Kf8 29.Ke3 Ke7
30.b4 Kd7 31.Kd3 Ng7 32.Nd4 Nh5 33.Ne2 axb4 34.cxb4 b5 35.Ke3 c6 36.Kd4 f6
37.Kc5 fxe5 38.fxe5 h6 39.e6+ Kxe6 40.Kxc6 g5 41.hxg5 hxg5 42.Kxb5 g4 43.Kc4  1-0

[Event "GMA-Open"]
[Site "Belgrade"]
[Date "1988.??.??"]
[Round "?"]
[White "Todorcevic, Miodrag"]
[Black "Bykhovsky, Avigdor"]
[Result "1-0"]
[WhiteElo "2525"]
[BlackElo "2445"]

1.Nf3 d5 2.g3 g6 3.Bg2 Bg7 4.O-O e5 5.c4 c6 6.cxd5 cxd5 7.d3 Ne7 8.Nc3 Nbc6
9.Bd2 O-O 10.a3 h6 11.b4 Be6 12.b5 Na5 13.Rb1 b6 14.Na4 Nb7 15.Bb4 Nd6 16.e4 Qd7
17.Nc3 d4 18.Nd5 Bxd5 19.exd5 Rfe8 20.Re1 Nec8 21.a4 a6 22.bxa6 Rxa6 23.Ra1 Nb7
24.Qc2 b5 25.axb5 Rxa1 26.Rxa1 Qxb5 27.Qc6 Nbd6 28.Bxd6 Qxc6 29.dxc6 Nxd6
30.Nd2 Re7 31.Ra8+ Bf8 32.Nb3 Re8 33.c7 Rc8 34.Rxc8 Nxc8 35.Bb7 Nb6 36.c8=Q Nxc8
37.Bxc8 Kg7 38.Kg2 f5 39.f4 Kf6 40.fxe5+ Kxe5 41.Nd2 Bc5 42.Nf3+ Kf6 43.Kf1 h5
44.Ke2 g5 45.Bd7 Bb6 46.Kf1 Ba7 47.Kg2 Bb6 48.h4 g4 49.Ng1  1-0

[Event "GMA-Open"]
[Site "Belgrade"]
[Date "1988.??.??"]
[Round "?"]
[White "Sulava, Nenad"]
[Black "Rogers, Ian"]
[Result "0-1"]
[WhiteElo "2395"]
[BlackElo "2540"]

1.Nf3 d5 2.g3 c6 3.Bg2 Bg4 4.c4 e6 5.Ne5 Bh5 6.cxd5 exd5 7.Qb3 Qb6 8.Qc2 Nf6
9.g4 Qc7 10.gxh5 Qxe5 11.Qb3 b6 12.Qg3 Qxh5 13.Nc3 Na6 14.a3 Qg4 15.Qxg4 Nxg4
16.b4 b5 17.Bb2 Bd6 18.Rc1 Ne5 19.d3 O-O 20.Rg1 Rfe8 21.Kf1 Rac8 22.h4 h5
23.Bh3 Rc7 24.Rg5 Ng6 25.e3 Ne5 26.Ke2 g6 27.Rcg1 Kh7 28.Bf5 Kh6 29.f4 Ng4
30.Bxg4 Bxf4 31.Bf3 Rxe3+ 32.Kf2 Rxd3 33.Ne2 Be3+ 34.Ke1 Re7 35.Re5 Rxe5
36.Bxe5 Bxg1 37.Bf4+ Kh7 38.Nxg1 Rxa3 39.Bd6 Rc3 40.Ke2 Rc4 41.Nh3 Rxh4 42.Ng5+ Kg8
43.Kf2 Nxb4 44.Kg3 Rc4 45.Be2 Rc2 46.Bf1 a5 47.Bh3 Rc4 48.Bd7 a4 49.Kh3 a3
50.Be8 f6  0-1

[Event "GMA-Open"]
[Site "Belgrade"]
[Date "1988.??.??"]
[Round "?"]
[White "Ninov, Kiril"]
[Black "Yakovich, Yuri"]
[Result "1-0"]
[WhiteElo "2515"]
[BlackElo "2450"]

1.Nf3 d5 2.g3 c6 3.Bg2 Bg4 4.c4 e6 5.cxd5 exd5 6.h3 Be6 7.Nc3 Nf6 8.d3 Bc5
9.O-O O-O 10.Qc2 Na6 11.a3 Be7 12.Ng5 Bd7 13.e4 h6 14.Nf3 Nc5 15.Be3 Ne6
16.Rad1 Qa5 17.Ne2 Rad8 18.Nh4 dxe4 19.dxe4 Ng5 20.Kh2 Rfe8 21.Nc3 Be6 22.f4 Ngh7
23.Bd4 Rd7 24.e5 Nh5 25.Nf5 Bxf5 26.Qxf5 Red8 27.Bb6 Qxb6 28.Rxd7 g6 29.Rxd8+ Qxd8
30.Qc2 Ng7 31.Ne4 Nf8 32.Qd2 Qb6 33.Nd6 Nfe6 34.f5 gxf5 35.Nxf5 Nxf5 36.Rxf5 Nd4
37.Rf1 c5 38.Qf4 Qe6 39.h4 Bf8 40.Bxb7 Bg7 41.Qe4 Qxe5 42.Qxe5  1-0

[Event "GMA-Open"]
[Site "Belgrade"]
[Date "1988.??.??"]
[Round "?"]
[White "Petrosian, Arshak B"]
[Black "Lematschko, Tatjana"]
[Result "1-0"]
[WhiteElo "2460"]
[BlackElo "2335"]

1.Nf3 d5 2.g3 c5 3.Bg2 Nc6 4.d4 e6 5.O-O Nf6 6.a3 a6 7.dxc5 Bxc5 8.b4 Be7
9.Bb2 Qc7 10.Nbd2 b5 11.Re1 O-O 12.e4 Bb7 13.exd5 Nxd5 14.c4 Nb6 15.Rc1 Qd7
16.cxb5 axb5 17.Qe2 Ba6 18.Red1 Nd5 19.Nb3 Rfe8 20.Nc5 Bxc5 21.Rxc5 Rac8
22.Ng5 h6 23.Ne4 Nce7 24.Qg4 Ng6 25.Rdxd5 Qxd5 26.Rxd5 exd5 27.Nc5 Rxc5 28.Qd4 Rc1+
29.Bxc1 Re1+ 30.Bf1 Rxc1 31.Kg2 Rc6 32.Bd3 Nf8 33.a4 Re6 34.axb5 Bb7 35.Bf5 Rf6
36.Qa7 d4+ 37.Qxb7 Rxf5 38.Qe4 Rxb5 39.Qxd4 g6 40.Qc4 Rb8 41.b5 Ne6 42.Qc6 Rf8
43.b6 Nd8 44.Qc8 Kg7 45.Kf3 f5 46.b7 Nxb7 47.Qxb7+ Rf7 48.Qb2+ Kh7 49.Kf4 Re7
50.Qf6 Ra7 51.Qd6 Rf7 52.h4 Kg7 53.Ke5 f4 54.g4 h5 55.g5 f3 56.Ke6 Rf5 57.Qe7+ Kg8
58.Qf6 Kh7 59.Qxf5 gxf5 60.Kf7  1-0

[Event "GMA-Open"]
[Site "Belgrade"]
[Date "1988.??.??"]
[Round "?"]
[White "Simic, Radoslav"]
[Black "Westerinen, Heikki MJ"]
[Result "1-0"]
[WhiteElo "2485"]
[BlackElo "2395"]

1.g3 d5 2.Nf3 c6 3.Bg2 Nf6 4.b3 e6 5.O-O Be7 6.c4 b5 7.Qc2 bxc4 8.bxc4 O-O
9.Bb2 Bb7 10.d4 Nbd7 11.Nc3 Rb8 12.Rfd1 Qa5 13.Nd2 Rfc8 14.Nb3 Qc7 15.c5 e5
16.dxe5 Nxe5 17.e4 Ned7 18.exd5 Nxc5 19.Nxc5 Bxc5 20.Ne4 Nxe4 21.Bxe4 cxd5
22.Bxh7+ Kf8 23.Bf5 Bb6 24.Qd2 d4 25.Rac1 Qd8 26.Bxc8 Rxc8 27.Rxc8 Qxc8 28.Qf4 Qc6
29.f3 Qxf3 30.Qb8+ Ke7 31.Re1+ Kd7 32.Qe8+ Kd6 33.Ba3+  1-0

[Event "Belgrade (Women)"]
[Site "Belgrade"]
[Date "1988.??.??"]
[Round "6"]
[White "Voiska, Margarita"]
[Black "Dragasevic Georgieva, Antonina"]
[Result "1-0"]
[WhiteElo "2315"]
[BlackElo "2245"]

1.Nf3 d5 2.g3 Nf6 3.Bg2 Bf5 4.c4 dxc4 5.Na3 c6 6.Nxc4 Nbd7 7.O-O e6 8.d3 Be7
9.Bd2 O-O 10.b4 Rc8 11.Qb3 Bg6 12.Rfc1 Nd5 13.Na5 Qb6 14.Rab1 N7f6 15.e4 Nxe4
16.dxe4 Bxe4 17.Nc4 Qc7 18.Ra1 Bf6 19.Nb2 Qb6 20.Rc4 Bg6 21.Re1 a5 22.Na4 Qa7
23.bxa5 Bd8 24.Nb6 Nxb6 25.axb6 Bxb6 26.Be3 c5 27.Ne5 Ba5 28.Nxg6 hxg6 29.Rec1 b6
30.Rh4 Rfd8 31.Bf1 Bd2 32.Bxd2 Rxd2 33.Bc4 Rd6 34.Qe3 Rcd8 35.Qe2 Qd7 36.Bb5 Qb7
37.Qe4 Qa7 38.Qc4 Qb7 39.Qe4 Qa7 40.Qc4 Qb7 41.Qf1 g5 42.Rhc4 Rd2 43.R4c2 Qf3
44.Rxd2 Rxd2 45.a4 g4 46.Qg2 Qa3 47.Qa8+ Kh7 48.Qe4+ g6 49.Re1 Rd4 50.Qb7 Kg7
51.Qxb6 Qc3 52.Rf1 Rb4 53.Qc7 c4 54.Qf4 e5 55.Qc1 Qb3 56.Qe3 Qb2 57.Re1 c3
58.Qxe5+ Kh7 59.Qf6 c2 60.Qxf7+ Qg7 61.Qxg7+ Kxg7 62.Bd3  1-0

[Event "Berlin Neukoelln"]
[Site "Berlin-West"]
[Date "1988.??.??"]
[Round "?"]
[White "Weber, Siegfried"]
[Black "Franke, Heribert"]
[Result "1/2-1/2"]
[WhiteElo "2315"]
[BlackElo "2395"]

1.Nf3 d5 2.g3 c6 3.Bg2 Bg4 4.c4 e6 5.O-O Nd7 6.b3 Ngf6 7.Bb2 Bd6 8.d4 O-O
9.Nc3 Qb8 10.Qe1 Bb4 11.Nd2 Re8 12.a3 Ba5 13.b4 Bb6 14.c5 Bc7 15.f4 b6 16.Qc1 bxc5
17.bxc5 Ba5 18.e4 dxe4 19.Ndxe4 Qc7 20.Nd6 Red8  1/2-1/2

[Event "Berlin op"]
[Site "Berlin-West"]
[Date "1988.??.??"]
[Round "2"]
[White "Smejkal, Jan"]
[Black "Kas Fromm, Rita"]
[Result "1-0"]
[WhiteElo "2515"]
[BlackElo "2185"]

1.Nf3 d5 2.g3 Nf6 3.Bg2 e6 4.O-O Bd6 5.d4 Nbd7 6.c4 O-O 7.Nbd2 c6 8.Qc2 Qc7
9.b3 b6 10.e4 dxe4 11.Nxe4 Nxe4 12.Qxe4 Bb7 13.Bb2 Rfe8 14.Qc2 h6 15.Rfd1 Rad8
16.c5 Be7 17.b4 Nf6 18.a4 Nd5 19.Ba3 g6 20.Rac1 b5 21.Qb3 Bf6 22.Bb2 Ra8
23.Bf1 Red8 24.Ra1 Rdb8 25.Bc1 Bc8 26.Bd2 Bb7 27.Ra2 Rd8 28.Qc2 Re8 29.Re1 e5
30.axb5 cxb5 31.dxe5 Bxe5 32.c6 Bc8 33.Qc5 Bg4 34.Qxd5 Be6 35.Qxe5 Qxe5 36.Rxe5 Bxa2
37.Rc5 Be6 38.Nd4 Red8 39.Be3 Rac8 40.c7 Rd7 41.Nxe6 fxe6 42.Bh3 Kf7 43.Bf4 g5
44.Be5 Rd1+ 45.Bf1 Rb1 46.Kg2 Rxb4 47.Be2 g4 48.Bf4 h5 49.Rxh5 Kg6 50.Rc5  1-0

[Event "Berlin op"]
[Site "Berlin-West"]
[Date "1988.??.??"]
[Round "3"]
[White "Gallus, Gerald"]
[Black "Madl, Ildiko"]
[Result "1/2-1/2"]
[WhiteElo "2220"]
[BlackElo "2345"]

1.g3 d5 2.Nf3 Nf6 3.Bg2 e6 4.O-O Be7 5.b3 c5 6.c4 Nc6 7.Bb2 O-O 8.e3 b6 9.Nc3 dxc4
10.bxc4 Bb7 11.Qe2 Rc8 12.Rad1 Qc7 13.d3 a6 14.Nd2 Na7 15.e4 Nc6 16.Nb3 Nd4
17.Nxd4 cxd4 18.Nb1 Rfd8 19.Nd2 b5 20.e5 Bxg2 21.Kxg2 Ne8 22.Rc1 Qa5 23.Rc2 bxc4
24.Nxc4 Qd5+ 25.Kg1 Rb8 26.Rfc1 Rb5 27.f4 Rdb8  1/2-1/2

[Event "Berlin op"]
[Site "Berlin-West"]
[Date "1988.??.??"]
[Round "7"]
[White "Popchev, Milko"]
[Black "Franke, Heribert"]
[Result "1-0"]
[WhiteElo "2470"]
[BlackElo "2360"]

1.Nf3 d5 2.g3 Nf6 3.Bg2 Bf5 4.O-O e6 5.d3 h6 6.Nbd2 Be7 7.c4 c6 8.b3 O-O
9.Bb2 Nbd7 10.Rc1 a5 11.a3 Bh7 12.Rc2 Bd6 13.Qa1 Qe7 14.Nh4 g5 15.Nhf3 e5
16.cxd5 cxd5 17.e4 dxe4 18.dxe4 Nxe4 19.Nxe4 Bxe4 20.Rd2 Bg6 21.Re1 f6 22.Qd1 Ra6
23.Nd4 Nb8 24.Bf1 Rb6 25.Nb5 Bc5 26.Bc3 Ra6 27.b4 axb4 28.axb4 Bb6 29.Nd6 Ra3
30.Bb2 Ra7 31.Bh3 Ra8 32.Bf5 Qh7 33.Bxg6 Qxg6 34.Nc4 Bc7 35.b5 Ba5 36.Nxa5 Rxa5
37.Rd8 Rxb5 38.Ba3 Re8 39.Qd6 Rxd8 40.Qxd8+ Kh7 41.Qc7+  1-0

[Event "Berlin op"]
[Site "Berlin-West"]
[Date "1988.??.??"]
[Round "8"]
[White "Stratil, Ladislav Jr"]
[Black "Musil, Matjaz"]
[Result "1-0"]
[WhiteElo "2415"]
[BlackElo "2280"]

1.Nf3 d5 2.g3 c5 3.Bg2 Nc6 4.O-O e6 5.d3 Nf6 6.Nbd2 Be7 7.e4 O-O 8.Re1 b5
9.e5 Nd7 10.h4 Qc7 11.Qe2 a5 12.Nf1 Ba6 13.N1h2 Rfc8 14.Bf4 Nd4 15.Nxd4 cxd4
16.Rac1 Qb6 17.Qg4 Bb7 18.Nf3 Bf8 19.h5 Rc7 20.Bg5 Kh8 21.Qh4 Rcc8 22.h6 g6
23.Be7 b4 24.Bxf8 Rxf8 25.Nxd4 Rac8 26.Nf3 Rc6 27.Bh3 Qd8 28.Qxd8 Rxd8 29.Nd4 Rc5
30.Nb3 Rb5 31.d4 a4 32.Bf1 Rb6 33.Na5 Ba8 34.b3 a3 35.c3 Kg8 36.f4 Kf8 37.Kf2 Ke7
38.Ke3 Rg8 39.cxb4 Rxb4 40.Bd3 g5 41.f5 f6 42.Nc6+ Bxc6 43.Rxc6 exf5 44.Bxf5 fxe5
45.Rc7 Rd8 46.dxe5 Ke8 47.Bxh7 Rb6 48.Bd3 Rxh6 49.Kd4 Rb6 50.e6 Nf8 51.e7  1-0

[Event "Bern"]
[Site "Bern"]
[Date "1988.??.??"]
[Round "?"]
[White "Rajkovic, Dusan"]
[Black "Bex, Pierre Alain"]
[Result "1-0"]
[WhiteElo "2495"]
[BlackElo "2235"]

1.Nf3 d5 2.g3 Nf6 3.Bg2 e6 4.O-O Be7 5.c4 c6 6.d4 O-O 7.Nbd2 Nbd7 8.Qc2 Re8
9.Rd1 b6 10.e4 dxe4 11.Ne5 Bb7 12.Nxe4 Nxe4 13.Bxe4 Nxe5 14.dxe5 Qc7 15.Bxh7+ Kh8
16.Be4 Qxe5 17.Bf4 Qf6 18.h4 Bc5 19.Qe2 g6 20.Rd7 Ba6 21.Bxc6 e5 22.Bxa8 Qe6
23.Qxe5+  1-0

[Event "Bern op"]
[Site "Bern"]
[Date "1988.??.??"]
[Round "?"]
[White "Cvitan, Ognjen"]
[Black "Klinger, Josef"]
[Result "1-0"]
[WhiteElo "2520"]
[BlackElo "2505"]

1.Nf3 d5 2.g3 g6 3.c4 dxc4 4.Qa4+ Nc6 5.Qxc4 e5 6.Bg2 h6 7.O-O Bg7 8.d3 Nge7
9.Qc2 O-O 10.a3 Bg4 11.Nbd2 Qd7 12.Rb1 Nd5 13.e3 Rad8 14.b4 Nde7 15.b5 Na5
16.Bb2 b6 17.Nxe5 Bxe5 18.Bxe5 Qxd3 19.Qxd3 Rxd3 20.Ne4 Nd5 21.h3 Re8 22.Nf6+ Nxf6
23.Bxf6 Be6 24.Rfc1 Bc4 25.Rb4 Rd6 26.Bd4 c5 27.bxc6 b5 28.c7 a6 29.Bc5 Rde6
30.Rd1 Rc8 31.Rd8+ Re8  1-0

[Event "Biel-B"]
[Site "Biel"]
[Date "1988.??.??"]
[Round "11"]
[White "Hickl, Joerg"]
[Black "Costa, Jean Luc"]
[Result "1/2-1/2"]
[WhiteElo "2500"]
[BlackElo "2350"]

1.Nf3 d5 2.g3 c6 3.Bg2 Bg4 4.b3 Nd7 5.Bb2 Ngf6 6.O-O e6 7.d3 Be7 8.h3 Bh5
9.c4 O-O 10.Nc3 a5 11.Rc1 Qb6 12.Qc2 Rfd8 13.cxd5 cxd5 14.Na4 Qa6 15.Nd4 Bf8
16.Nc3 Rac8 17.Qd2 e5 18.Nf5 Qe6  1/2-1/2